[Event "ACP Blitz Prelim1"]
[Site "Playchess.com INT"]
[Date "2004.04.12"]
[Round "4"]
[White "Karjakin, Sergey"]
[Black "Agababean, Naira"]
[Result "0-1"]
[WhiteElo "2580"]
[BlackElo "2216"]
[PlyCount "50"]
[EventDate "2004.04.12"]
[EventType "tourn (blitz)"]
[EventRounds "17"]
[EventCountry "GER"]
[EventCategory "11"]
[SourceTitle "CBM 099 Extra"]
[Source "ChessBase"]
[SourceDate "2004.05.04"]
[SourceVersion "1"]
[SourceVersionDate "2004.05.04"]
[SourceQuality "1"]

1. e4 c5 2. Nf3 Nc6 3. d4 cxd4 4. Nxd4 e5 5. Nb5 d6 6. N1c3 a6 7. Na3 b5 8. Nd5
Be7 9. c4 b4 10. Nc2 Rb8 11. Be2 Nf6 12. Nxf6+ gxf6 13. Bg4 Rg8 14. h3 a5 15.
O-O h5 16. Bf5 Bxf5 17. exf5 Rh8 18. b3 Qd7 19. Qd3 h4 20. Ne3 Nd4 21. Bb2 Nc6
22. Rad1 Qa7 23. Qe4 Rc8 24. Kh1 a4 25. Nd5 axb3 0-1

[Event "ACP Blitz Prelim1"]
[Site "Playchess.com INT"]
[Date "2004.04.12"]
[Round "11"]
[White "Karjakin, Sergey"]
[Black "Bartel, Mateusz"]
[Result "0-1"]
[WhiteElo "2580"]
[BlackElo "2501"]
[PlyCount "46"]
[EventDate "2004.04.12"]
[EventType "tourn (blitz)"]
[EventRounds "17"]
[EventCountry "GER"]
[EventCategory "11"]
[SourceTitle "CBM 099 Extra"]
[Source "ChessBase"]
[SourceDate "2004.05.04"]
[SourceVersion "1"]
[SourceVersionDate "2004.05.04"]
[SourceQuality "1"]

1. e4 e6 2. d4 d5 3. Nc3 a6 4. Bd3 Nf6 5. e5 Nfd7 6. Nce2 c5 7. c3 Nc6 8. f4 b5
9. Nf3 b4 10. O-O g6 11. Kh1 a5 12. c4 Nb6 13. cxd5 Nxd5 14. a3 Bb7 15. axb4
Ndxb4 16. Be4 Be7 17. Be3 cxd4 18. Nexd4 O-O 19. Nb5 Ba6 20. Nfd4 Nxd4 21. Nxd4
Bxf1 22. Bxa8 Qxa8 23. Qxf1 Qe4 0-1

[Event "Canarias en Red prel 3rd"]
[Site "Playchess.com INT"]
[Date "2004.05.05"]
[Round "6"]
[White "Burgess, Jon Lee"]
[Black "Karjakin, Sergey"]
[Result "0-1"]
[WhiteElo "2153"]
[BlackElo "2566"]
[PlyCount "40"]
[EventDate "2004.05.05"]
[EventType "swiss (blitz)"]
[EventRounds "13"]
[EventCountry "GER"]
[SourceTitle "EXT 2005"]
[Source "ChessBase"]
[SourceDate "2004.11.15"]
[SourceVersion "1"]
[SourceVersionDate "2004.11.15"]
[SourceQuality "1"]

1. e4 c5 2. Nc3 d6 3. f4 g6 4. Nf3 Bg7 5. Bc4 Nc6 6. O-O e6 7. d3 Nge7 8. Qe1
O-O 9. f5 gxf5 10. Qh4 fxe4 11. dxe4 Ng6 12. Qh5 Nd4 13. Bg5 f6 14. Bh6 Bxh6
15. Qxh6 Kh8 16. h4 Qe7 17. h5 Nxf3+ 18. gxf3 Ne5 19. Be2 Bd7 20. f4 Nf7 0-1

[Event "Canarias en Red prel 3rd"]
[Site "Playchess.com INT"]
[Date "2004.05.05"]
[Round "7"]
[White "Karjakin, Sergey"]
[Black "Zumsande, Martin"]
[Result "1-0"]
[WhiteElo "2566"]
[BlackElo "2389"]
[PlyCount "63"]
[EventDate "2004.05.05"]
[EventType "swiss (blitz)"]
[EventRounds "13"]
[EventCountry "GER"]
[SourceTitle "EXT 2005"]
[Source "ChessBase"]
[SourceDate "2004.11.15"]
[SourceVersion "1"]
[SourceVersionDate "2004.11.15"]
[SourceQuality "1"]

1. e4 e6 2. d4 d5 3. Nc3 Nf6 4. e5 Nfd7 5. f4 c5 6. Nf3 Nc6 7. Be3 a6 8. Qd2 b5
9. h4 Qb6 10. h5 cxd4 11. Nxd4 Bc5 12. Nce2 b4 13. Rh3 a5 14. Nxc6 Qxc6 15. Nd4
Qb6 16. O-O-O Ba6 17. Bxa6 Qxa6 18. f5 Nxe5 19. fxe6 fxe6 20. Nxe6 Qxe6 21.
Bxc5 O-O-O 22. Re3 Rhe8 23. Qe2 Qh6 24. Kb1 Nd7 25. Rxe8 Nxc5 26. Rxd8+ Kxd8
27. Rxd5+ Nd7 28. Qd1 Qe6 29. Rxa5 Ke7 30. Ra7 Qc6 31. a3 bxa3 32. Rxd7+ 1-0

[Event "Canarias en Red prel 3rd"]
[Site "Playchess.com INT"]
[Date "2004.05.05"]
[Round "10"]
[White "Raeber, Markus"]
[Black "Karjakin, Sergey"]
[Result "0-1"]
[WhiteElo "2209"]
[BlackElo "2566"]
[PlyCount "76"]
[EventDate "2004.05.05"]
[EventType "swiss (blitz)"]
[EventRounds "13"]
[EventCountry "GER"]
[SourceTitle "EXT 2005"]
[Source "ChessBase"]
[SourceDate "2004.11.15"]
[SourceVersion "1"]
[SourceVersionDate "2004.11.15"]
[SourceQuality "1"]

1. e4 c5 2. Nf3 d6 3. d4 cxd4 4. Nxd4 Nf6 5. Nc3 a6 6. Bg5 e6 7. f4 Qb6 8. Qd2
Nc6 9. Nb3 Ng4 10. h3 Qe3+ 11. Qxe3 Nxe3 12. Kd2 Nxf1+ 13. Rhxf1 h6 14. Bh4 g5
15. fxg5 Be7 16. Rae1 Bxg5+ 17. Bxg5 hxg5 18. Re2 Ne5 19. Nd4 g4 20. hxg4 Nxg4
21. Nf3 Bd7 22. Ree1 Ke7 23. Rh1 Rag8 24. Ke2 b5 25. a3 a5 26. b4 Rxh1 27. Rxh1
Rc8 28. Kd2 axb4 29. axb4 Rc4 30. Rh7 Rxb4 31. Rg7 Ne5 32. Nxe5 dxe5 33. Rg8
Bc6 34. Rb8 Bxe4 35. Nxb5 Bxg2 36. c3 Rb2+ 37. Kc1 Rf2 38. Rb7+ Bxb7 0-1

[Event "Canarias en Red prel 3rd"]
[Site "Playchess.com INT"]
[Date "2004.05.05"]
[Round "11"]
[White "Kiriakov, Petr"]
[Black "Karjakin, Sergey"]
[Result "0-1"]
[WhiteElo "2560"]
[BlackElo "2566"]
[PlyCount "76"]
[EventDate "2004.05.05"]
[EventType "swiss (blitz)"]
[EventRounds "13"]
[EventCountry "GER"]
[SourceTitle "EXT 2005"]
[Source "ChessBase"]
[SourceDate "2004.11.15"]
[SourceVersion "1"]
[SourceVersionDate "2004.11.15"]
[SourceQuality "1"]

1. d4 d5 2. c4 c6 3. Nc3 Nf6 4. e3 e6 5. a3 Nbd7 6. Bd3 dxc4 7. Bxc4 b5 8. Be2
Bb7 9. Bf3 Qb6 10. b4 a5 11. Rb1 axb4 12. axb4 Nd5 13. Nxd5 cxd5 14. Ne2 Bd6
15. Bd2 O-O 16. Nc1 e5 17. Nb3 e4 18. Bg4 f5 19. Nc5 Qc6 20. Bh3 Nb6 21. g4 f4
22. g5 f3 23. Rc1 Nc4 24. Bd7 Qb6 25. Be6+ Kh8 26. Nd7 Qc7 27. Nxf8 Rxf8 28. h4
Qe7 29. Bg4 Bxb4 30. Bxb4 Qxb4+ 31. Kf1 Qb2 32. Rc2 Qb3 33. Qc1 b4 34. Kg1 Qa4
35. Kh2 b3 36. Rc3 Qb4 37. Be6 Qd6+ 38. Kg1 Qxe6 0-1

[Event "Canarias en Red prel 3rd"]
[Site "Playchess.com INT"]
[Date "2004.05.05"]
[Round "12"]
[White "Karjakin, Sergey"]
[Black "Milanovic, Danilo"]
[Result "1-0"]
[WhiteElo "2566"]
[BlackElo "2443"]
[PlyCount "79"]
[EventDate "2004.05.05"]
[EventType "swiss (blitz)"]
[EventRounds "13"]
[EventCountry "GER"]
[SourceTitle "EXT 2005"]
[Source "ChessBase"]
[SourceDate "2004.11.15"]
[SourceVersion "1"]
[SourceVersionDate "2004.11.15"]
[SourceQuality "1"]

1. e4 c5 2. Nf3 Nc6 3. d4 cxd4 4. Nxd4 Nf6 5. Nc3 e5 6. Ndb5 d6 7. Bg5 a6 8.
Na3 b5 9. Bxf6 gxf6 10. Nd5 f5 11. Bd3 Be6 12. O-O Bg7 13. Qh5 h6 14. c4 Bxd5
15. exd5 Nd4 16. Bxf5 Qg5 17. Qxg5 hxg5 18. Bd3 f5 19. cxb5 e4 20. Bc4 Be5 21.
h3 Ke7 22. bxa6 Rh7 23. Rfd1 Nf3+ 24. Kf1 Nh2+ 25. Ke2 f4 26. Nc2 f3+ 27. gxf3
exf3+ 28. Kd3 Rxh3 29. Ne3 Bf4 30. Rg1 Bxe3 31. Rae1 Kf7 32. Rxe3 g4 33. Re4
Kf6 34. b4 Kf5 35. Ke3 Rc8 36. b5 g3 37. Rf4+ Ke5 38. Rxg3 Rxg3 39. fxg3 Nf1+
40. Bxf1 1-0

[Event "Canarias en Red final"]
[Site "Playchess.com INT"]
[Date "2004.05.09"]
[Round "2"]
[White "Karjakin, Sergey"]
[Black "Sasikiran, Krishnan"]
[Result "1/2-1/2"]
[WhiteElo "2566"]
[BlackElo "2654"]
[PlyCount "146"]
[EventDate "2004.05.09"]
[EventType "swiss (blitz)"]
[EventRounds "13"]
[EventCountry "GER"]
[SourceTitle "EXT 2005"]
[Source "ChessBase"]
[SourceDate "2004.11.15"]
[SourceVersion "1"]
[SourceVersionDate "2004.11.15"]
[SourceQuality "1"]

1. e4 e5 2. Nf3 Nc6 3. Bb5 a6 4. Ba4 Nf6 5. O-O Be7 6. Re1 b5 7. Bb3 d6 8. c3
O-O 9. h3 Nb8 10. d4 Nbd7 11. Nbd2 Bb7 12. Bc2 Re8 13. Nf1 Bf8 14. Ng3 g6 15.
b3 c6 16. Bg5 Bg7 17. Qd2 Qe7 18. Rad1 Rac8 19. Nh2 Qf8 20. b4 d5 21. exd5 Nxd5
22. dxe5 Nxe5 23. Bb3 h6 24. Be3 Nxe3 25. Rxe3 Rcd8 26. Qe2 Rxd1+ 27. Bxd1 Rd8
28. Bb3 Qd6 29. Ng4 Nc4 30. Bxc4 bxc4 31. Re8+ Rxe8 32. Qxe8+ Qf8 33. Qe3 Bc8
34. Ne5 Qe8 35. f4 Be6 36. Ne2 Bd5 37. Nd4 g5 38. Nxc4 Qxe3+ 39. Nxe3 Bxa2 40.
fxg5 hxg5 41. Nef5 Bxd4+ 42. Nxd4 Bd5 43. Kf2 Kg7 44. g3 Kf6 45. Ke3 Ke5 46. h4
gxh4 47. gxh4 Kf6 48. Kf4 Kg6 49. Ne2 Kh5 50. Kg3 Kh6 51. Nf4 Bc4 52. Kf2 f6
53. Ke3 c5 54. bxc5 Bb5 55. Kd4 a5 56. c4 Be8 57. Kc3 a4 58. Kb4 f5 59. Ka3 Bc6
60. Nd5 Kh5 61. Ne7 Bd7 62. c6 Be6 63. Nxf5 Bxf5 64. Kxa4 Kxh4 65. Kb5 Kg4 66.
c7 Kf4 67. Kc5 Ke5 68. Kc6 Bc8 69. c5 Ke6 70. Kb6 Kd7 71. c6+ Kd6 72. Ka7 Kxc7
73. Ka8 Kxc6 1/2-1/2

[Event "Canarias en Red final"]
[Site "Playchess.com INT"]
[Date "2004.05.09"]
[Round "3"]
[White "Mecking, Henrique"]
[Black "Karjakin, Sergey"]
[Result "1/2-1/2"]
[WhiteElo "2557"]
[BlackElo "2566"]
[PlyCount "97"]
[EventDate "2004.05.09"]
[EventType "swiss (blitz)"]
[EventRounds "13"]
[EventCountry "GER"]
[SourceTitle "EXT 2005"]
[Source "ChessBase"]
[SourceDate "2004.11.15"]
[SourceVersion "1"]
[SourceVersionDate "2004.11.15"]
[SourceQuality "1"]

1. d4 d5 2. c4 dxc4 3. Nf3 Nf6 4. e3 e6 5. Bxc4 a6 6. Nc3 c5 7. dxc5 Bxc5 8.
Qxd8+ Kxd8 9. Ke2 Ke7 10. a3 b5 11. Bd3 Bb7 12. b4 Bd6 13. Bb2 Nbd7 14. Rhd1
Rhd8 15. Rac1 Rac8 16. g3 Nb6 17. Nd2 Ng4 18. Be4 Bxe4 19. Ncxe4 Be5 20. Bxe5
Nxe5 21. Nc5 Nec4 22. Nxc4 Nxc4 23. Rxd8 Rxd8 24. Nxa6 Rd2+ 25. Ke1 Ra2 26. Nc7
Nxa3 27. Kf1 Rb2 28. Rc3 Nb1 29. Rc5 Nd2+ 30. Kg2 Ne4 31. Rxb5 Nxf2 32. Rb7
Ne4+ 33. Kf3 f5 34. Kf4 Kd6 35. Ne8+ Kd5 36. Rd7+ Kc6 37. Rxg7 Rxb4 38. Ke5 Nc5
39. Rc7+ Kb6 40. Rxh7 Re4+ 41. Kf6 Rxe3 42. Ng7 Ne4+ 43. Ke7 Kc6 44. Rh6 Nxg3
45. hxg3 Rxg3 46. Nxf5 Rg1 47. Rxe6+ Kd5 48. Ne3+ Kc5 49. Re5+ 1/2-1/2

[Event "Canarias en Red final"]
[Site "Playchess.com INT"]
[Date "2004.05.09"]
[Round "6"]
[White "Dreev, Alexey"]
[Black "Karjakin, Sergey"]
[Result "1/2-1/2"]
[WhiteElo "2682"]
[BlackElo "2566"]
[PlyCount "30"]
[EventDate "2004.05.09"]
[EventType "swiss (blitz)"]
[EventRounds "13"]
[EventCountry "GER"]
[SourceTitle "EXT 2005"]
[Source "ChessBase"]
[SourceDate "2004.11.15"]
[SourceVersion "1"]
[SourceVersionDate "2004.11.15"]
[SourceQuality "1"]

1. d4 d5 2. c4 dxc4 3. e4 Nf6 4. e5 Nd5 5. Bxc4 Nb6 6. Bd3 Nc6 7. Ne2 Bg4 8. f3
Be6 9. Nbc3 Bc4 10. Bxc4 Nxc4 11. Qb3 Nb6 12. e6 fxe6 13. Be3 Qd7 14. Nf4 Nd5
15. Ncxd5 exd5 1/2-1/2

[Event "Canarias en Red final"]
[Site "Playchess.com INT"]
[Date "2004.05.09"]
[Round "7"]
[White "Fridman, Daniel"]
[Black "Karjakin, Sergey"]
[Result "1/2-1/2"]
[WhiteElo "2588"]
[BlackElo "2566"]
[PlyCount "149"]
[EventDate "2004.05.09"]
[EventType "swiss (blitz)"]
[EventRounds "13"]
[EventCountry "GER"]
[SourceTitle "EXT 2005"]
[Source "ChessBase"]
[SourceDate "2004.11.15"]
[SourceVersion "1"]
[SourceVersionDate "2004.11.15"]
[SourceQuality "1"]

1. d4 d5 2. Nf3 Nf6 3. c4 c6 4. Qc2 dxc4 5. Qxc4 Bg4 6. Nbd2 Nbd7 7. g3 e6 8.
Bg2 Be7 9. O-O O-O 10. Qb3 Qb6 11. Nc4 Qa6 12. Bf4 Rfd8 13. Bc7 Re8 14. Bd6
Rad8 15. Rfe1 Nb6 16. Bxe7 Rxe7 17. Nce5 Bf5 18. e3 Be4 19. Bf1 Qa5 20. Ng5 Bg6
21. Rec1 Nfd7 22. Nxg6 hxg6 23. Ne4 Qd5 24. Qc2 Qf5 25. b4 Nf6 26. Nc5 a6 27.
Qxf5 gxf5 28. a4 Rc7 29. b5 cxb5 30. axb5 axb5 31. Rab1 Nbd7 32. Nxd7 Rdxd7 33.
Bxb5 Re7 34. Be2 Ne4 35. Kg2 f6 36. Bf3 Kf7 37. h4 Nd6 38. h5 Rxc1 39. Rxc1 Rd7
40. Rb1 Ke7 41. g4 fxg4 42. Bxg4 Rc7 43. Rb6 Rc6 44. Rb2 b5 45. Be2 Rb6 46. Kf3
f5 47. Kf4 b4 48. f3 Nf7 49. e4 fxe4 50. fxe4 Nd8 51. Bc4 Nc6 52. d5 exd5 53.
Bxd5 Nd4 54. Ke5 Nf3+ 55. Kf5 Nd4+ 56. Ke5 Nf3+ 57. Kf4 Nd4 58. Rg2 Kf8 59. h6
gxh6 60. Ke3 Nc6 61. Rg6 b3 62. Rg1 b2 63. Rb1 Ne5 64. Kd4 Nf3+ 65. Kc3 h5 66.
e5 Nxe5 67. Rxb2 Rxb2 68. Kxb2 Ke7 69. Kc3 Kd6 70. Kd4 h4 71. Bh1 h3 72. Ke4
Ng4 73. Kf4 Nf2 74. Kg3 Nxh1+ 75. Kxh3 1/2-1/2

[Event "Canarias en Red final"]
[Site "Playchess.com INT"]
[Date "2004.05.09"]
[Round "9"]
[White "Karjakin, Sergey"]
[Black "Gustafsson, Jan"]
[Result "0-1"]
[WhiteElo "2566"]
[BlackElo "2572"]
[PlyCount "154"]
[EventDate "2004.05.09"]
[EventType "swiss (blitz)"]
[EventRounds "13"]
[EventCountry "GER"]
[SourceTitle "EXT 2005"]
[Source "ChessBase"]
[SourceDate "2004.11.15"]
[SourceVersion "1"]
[SourceVersionDate "2004.11.15"]
[SourceQuality "1"]

1. e4 e5 2. Nf3 Nc6 3. Bb5 a6 4. Ba4 Nf6 5. O-O Be7 6. Re1 b5 7. Bb3 d6 8. c3
O-O 9. h3 Na5 10. Bc2 c5 11. d4 Nc6 12. d5 Na5 13. Nbd2 g6 14. b3 Nh5 15. c4
Bd7 16. Bd3 Bf6 17. Bf1 Re8 18. Nb1 bxc4 19. bxc4 Rb8 20. Bd2 Nf4 21. Bc3 Bg7
22. Kh2 Nb7 23. g3 Nh5 24. Nbd2 Rf8 25. Rb1 Qc7 26. Qc2 Rfc8 27. Rb2 Nd8 28.
Reb1 Bh6 29. Bd3 f6 30. Nf1 Nf7 31. Qe2 Ng5 32. Nxg5 Bxg5 33. Nd2 Bh6 34. Nb3
Rf8 35. Na5 Rxb2 36. Rxb2 Qc8 37. Nb7 Bxh3 38. Nxd6 Qd7 39. Rb7 Qxd6 40. Kxh3
Rf7 41. Qb2 Bf8 42. Rxf7 Kxf7 43. Qb7+ Be7 44. Ba5 Ng7 45. Kg2 h5 46. Bc2 f5
47. Qc8 f4 48. Ba4 Qf6 49. d6 Qxd6 50. Bc6 Qd3 51. Bd5+ Kf6 52. Qc6+ Kg5 53.
Bf7 f3+ 54. Kh2 Bf6 55. Bd8 Qxd8 56. Bd5 Qa5 57. Qc8 Qd2 58. Qh3 Qxf2+ 59. Kh1
Qe1+ 60. Kh2 Kh6 61. g4 f2 62. g5+ Bxg5 63. Qc8 Qg1+ 64. Kh3 Qg4+ 65. Qxg4
hxg4+ 66. Kg2 g3 67. a4 a5 68. Kf1 Nh5 69. Be6 Be3 70. Bg4 Nf4 71. Bf3 g5 72.
Bg2 Nxg2 73. Kxg2 g4 74. Kf1 Kg5 75. Kg2 Kf4 76. Kf1 Kxe4 77. Kg2 Kd4 0-1

[Event "Canarias en Red final"]
[Site "Playchess.com INT"]
[Date "2004.05.09"]
[Round "10"]
[White "Milov, Vadim"]
[Black "Karjakin, Sergey"]
[Result "0-1"]
[WhiteElo "2632"]
[BlackElo "2566"]
[PlyCount "84"]
[EventDate "2004.05.09"]
[EventType "swiss (blitz)"]
[EventRounds "13"]
[EventCountry "GER"]
[SourceTitle "EXT 2005"]
[Source "ChessBase"]
[SourceDate "2004.11.15"]
[SourceVersion "1"]
[SourceVersionDate "2004.11.15"]
[SourceQuality "1"]

1. d4 d5 2. c4 dxc4 3. e3 Nf6 4. Bxc4 e6 5. Nf3 a6 6. O-O c5 7. Qe2 Nc6 8. Rd1
Be7 9. dxc5 Qc7 10. e4 Bxc5 11. h3 b5 12. Bb3 Bb7 13. e5 Nd7 14. Bf4 O-O 15.
Nc3 Rfd8 16. Rac1 Be7 17. Ne4 Rac8 18. Nd6 Bxd6 19. Rxd6 Nb6 20. Ng5 Nc4 21.
Bxc4 bxc4 22. Rxc4 h6 23. Ne4 Qb8 24. Qg4 Kf8 25. Nc5 Ne7 26. Bg3 Rc7 27. Nxe6+
fxe6 28. Rf4+ Kg8 29. Qxe6+ Kh8 30. Rf7 Bd5 31. Rxd5 Nxd5 32. Rf3 Qxb2 33. Kh2
Qb6 34. Qg4 Re8 35. e6 Rb7 36. Rf7 Rxf7 37. exf7 Rf8 38. Qd7 Nf6 39. Qe7 Qd8
40. Qe6 Qd7 41. Qxa6 Qxf7 42. Qc4 Qxc4 0-1

[Event "Canarias en Red final"]
[Site "Playchess.com INT"]
[Date "2004.05.09"]
[Round "11"]
[White "Karjakin, Sergey"]
[Black "Rabiega, Robert"]
[Result "1-0"]
[WhiteElo "2566"]
[BlackElo "2527"]
[PlyCount "57"]
[EventDate "2004.05.09"]
[EventType "swiss (blitz)"]
[EventRounds "13"]
[EventCountry "GER"]
[SourceTitle "EXT 2005"]
[Source "ChessBase"]
[SourceDate "2004.11.15"]
[SourceVersion "1"]
[SourceVersionDate "2004.11.15"]
[SourceQuality "1"]

1. e4 c5 2. Nf3 Nc6 3. d4 cxd4 4. Nxd4 e5 5. Nb5 a6 6. Nd6+ Bxd6 7. Qxd6 Qf6 8.
Qd1 Qg6 9. Nc3 d5 10. exd5 Nd4 11. Bd3 Qxg2 12. Be4 Qh3 13. Be3 Bg4 14. Qd3
Nf3+ 15. Bxf3 Bxf3 16. Rg1 Qxh2 17. Rxg7 Ne7 18. d6 O-O-O 19. Rxf7 Nc6 20. Na4
e4 21. d7+ Kb8 22. Qd5 Qh1+ 23. Kd2 Qxa1 24. Qd6+ Ka8 25. Nb6+ Ka7 26. Nd5+ Ka8
27. Nc7+ Kb8 28. Nxa6+ Ka8 29. Qb8+ 1-0

[Event "Canarias en Red final"]
[Site "Playchess.com INT"]
[Date "2004.05.09"]
[Round "13"]
[White "Karjakin, Sergey"]
[Black "Wojtkiewicz, Aleksander"]
[Result "1-0"]
[WhiteElo "2566"]
[BlackElo "2564"]
[PlyCount "51"]
[EventDate "2004.05.09"]
[EventType "swiss (blitz)"]
[EventRounds "13"]
[EventCountry "GER"]
[SourceTitle "EXT 2005"]
[Source "ChessBase"]
[SourceDate "2004.11.15"]
[SourceVersion "1"]
[SourceVersionDate "2004.11.15"]
[SourceQuality "1"]

1. e4 c5 2. Nf3 g6 3. d4 Bg7 4. dxc5 Qa5+ 5. c3 Qxc5 6. Na3 Nf6 7. Be3 Qa5 8.
Nc4 Qc7 9. Ncd2 Nc6 10. Bd3 O-O 11. h3 d5 12. O-O Rd8 13. Qe2 b6 14. Rfe1 dxe4
15. Nxe4 Nd5 16. Rad1 Bb7 17. Bc4 Na5 18. Bb5 a6 19. Bd3 Nxe3 20. Qxe3 Rac8 21.
Neg5 e6 22. Be4 Nc4 23. Qe2 h6 24. Rxd8+ Rxd8 25. Nxf7 Bxe4 26. Nxd8 1-0

[Event "Canarias en Red final playoff"]
[Site "Playchess.com INT"]
[Date "2004.05.09"]
[Round "1.2"]
[White "Kiriakov, Petr"]
[Black "Karjakin, Sergey"]
[Result "1/2-1/2"]
[WhiteElo "2560"]
[BlackElo "2566"]
[PlyCount "80"]
[EventDate "2004.05.09"]
[EventType "k.o. (blitz)"]
[EventRounds "3"]
[EventCountry "GER"]
[SourceTitle "EXT 2005"]
[Source "ChessBase"]
[SourceDate "2004.11.15"]
[SourceVersion "1"]
[SourceVersionDate "2004.11.15"]
[SourceQuality "1"]

1. d4 d5 2. c4 c6 3. Nc3 Nf6 4. e3 a6 5. Nf3 b5 6. b3 Bg4 7. h3 Bf5 8. Ne5 e6
9. g4 Be4 10. f3 Bg6 11. h4 dxc4 12. bxc4 bxc4 13. Bxc4 Bb4 14. Bd2 h5 15. Nxg6
fxg6 16. Qc2 Kf7 17. Qb3 Qe7 18. g5 Nd5 19. Nxd5 Bxd2+ 20. Kxd2 cxd5 21. Bxd5
Ra7 22. Be4 Nd7 23. Rhc1 Rb8 24. Qd3 Rb2+ 25. Rc2 Qb4+ 26. Ke2 Rc7 27. Rac1
Rxa2 28. Bxg6+ Ke7 29. Rxa2 Rxc1 30. Qa3 Qxa3 31. Rxa3 Rh1 32. Bxh5 Rxh4 33.
Bg4 Rh2+ 34. Kd3 Rb2 35. Rxa6 Rb3+ 36. Ke4 Nb6 37. Ra7+ Kd6 38. Rxg7 Nd5 39.
Bxe6 Rxe3+ 40. Kf5 Rxf3+ 1/2-1/2

[Event "Canarias en Red final playoff"]
[Site "Playchess.com INT"]
[Date "2004.05.09"]
[Round "1.3"]
[White "Karjakin, Sergey"]
[Black "Kiriakov, Petr"]
[Result "1-0"]
[WhiteElo "2566"]
[BlackElo "2560"]
[PlyCount "61"]
[EventDate "2004.05.09"]
[EventType "k.o. (blitz)"]
[EventRounds "3"]
[EventCountry "GER"]
[SourceTitle "EXT 2005"]
[Source "ChessBase"]
[SourceDate "2004.11.15"]
[SourceVersion "1"]
[SourceVersionDate "2004.11.15"]
[SourceQuality "1"]

1. e4 e6 2. d4 d5 3. Nc3 Nf6 4. e5 Nfd7 5. f4 c5 6. Nf3 Nc6 7. Be3 cxd4 8. Nxd4
Bc5 9. Qd2 Bxd4 10. Bxd4 Nxd4 11. Qxd4 Qb6 12. Qxb6 Nxb6 13. Nb5 Ke7 14. Bd3
Bd7 15. Nd4 a6 16. Kd2 h5 17. b3 g6 18. a4 Nc8 19. b4 a5 20. Rhb1 axb4 21. Rxb4
Ra7 22. a5 Kd8 23. c4 dxc4 24. Be4 Kc7 25. Rxc4+ Kb8 26. Rb1 Ne7 27. a6 Rc8 28.
Rcb4 Bc6 29. Nxc6+ Nxc6 30. Rxb7+ Ka8 31. Rb8+ 1-0

[Event "Canarias en Red final playoff"]
[Site "Playchess.com INT"]
[Date "2004.05.09"]
[Round "1.4"]
[White "Kiriakov, Petr"]
[Black "Karjakin, Sergey"]
[Result "0-1"]
[WhiteElo "2560"]
[BlackElo "2566"]
[PlyCount "170"]
[EventDate "2004.05.09"]
[EventType "k.o. (blitz)"]
[EventRounds "3"]
[EventCountry "GER"]
[SourceTitle "EXT 2005"]
[Source "ChessBase"]
[SourceDate "2004.11.15"]
[SourceVersion "1"]
[SourceVersionDate "2004.11.15"]
[SourceQuality "1"]

1. d4 d5 2. c4 c6 3. Nc3 Nf6 4. e3 e6 5. Qc2 Nbd7 6. a3 a6 7. Nf3 Bd6 8. e4
dxe4 9. Nxe4 Nxe4 10. Qxe4 Nf6 11. Qh4 c5 12. dxc5 Bxc5 13. b4 Be7 14. Bb2 Nd7
15. Qf4 Bf6 16. Bxf6 Qxf6 17. Qxf6 gxf6 18. Bd3 a5 19. Ke2 b6 20. Be4 Ra7 21.
Nd4 f5 22. Nb5 Ra6 23. Bd3 Ke7 24. g3 Bb7 25. Rhc1 axb4 26. axb4 Rha8 27. Rxa6
Rxa6 28. Ke3 Ne5 29. Be2 Ra4 30. f4 Nc6 31. Bf3 Rxb4 32. Bxc6 Bxc6 33. Nd4 Be4
34. c5 bxc5 35. Rxc5 Rb2 36. Rc7+ Kf6 37. h3 Rg2 38. Ne2 Rh2 39. h4 Bd5 40. Rc1
Bb7 41. Rg1 Ba6 42. Nd4 Ra2 43. Nf3 Ra3+ 44. Kf2 Ra2+ 45. Ke3 Re2+ 46. Kd4 Re4+
47. Kc5 Re3 48. Ne5 Be2 49. Kd4 Re4+ 50. Kc3 Kg7 51. Kd2 Bh5 52. Re1 Ra4 53.
Ke3 f6 54. Nc6 Ra3+ 55. Kf2 Bf7 56. Nd4 Ra6 57. Re3 Rd6 58. Nf3 Rd5 59. Ng1 e5
60. Nf3 e4 61. Ng1 Bh5 62. Rc3 Rd2+ 63. Ke1 Rd1+ 64. Kf2 Kg6 65. Re3 Rd2+ 66.
Kf1 Kf7 67. Ke1 Rc2 68. Ra3 Bg4 69. Ra7+ Ke6 70. Ra6+ Kd5 71. Rxf6 e3 72. Kf1
Rf2+ 73. Ke1 Rg2 74. Kf1 e2+ 75. Nxe2 Rxe2 76. Rxf5+ Bxf5 77. Kxe2 Ke4 78. Kf2
h5 79. Ke2 Bg4+ 80. Kf2 Kd3 81. Kg2 Ke3 82. Kg1 Kf3 83. Kh2 Kf2 84. f5 Bxf5 85.
g4 Bxg4 0-1

[Event "Canarias en Red final playoff"]
[Site "Playchess.com INT"]
[Date "2004.05.09"]
[Round "2.1"]
[White "Dreev, Alexey"]
[Black "Karjakin, Sergey"]
[Result "0-1"]
[WhiteElo "2682"]
[BlackElo "2566"]
[PlyCount "58"]
[EventDate "2004.05.09"]
[EventType "k.o. (blitz)"]
[EventRounds "3"]
[EventCountry "GER"]
[SourceTitle "EXT 2005"]
[Source "ChessBase"]
[SourceDate "2004.11.15"]
[SourceVersion "1"]
[SourceVersionDate "2004.11.15"]
[SourceQuality "1"]

1. d4 d5 2. c4 dxc4 3. e4 Nf6 4. e5 Nd5 5. Bxc4 Nb6 6. Bd3 Nc6 7. Be3 Nb4 8.
Be4 f5 9. exf6 exf6 10. Nc3 f5 11. Bf3 N4d5 12. Bd2 Be6 13. Nh3 Qd7 14. O-O
O-O-O 15. Re1 Bd6 16. a4 c6 17. a5 Nxc3 18. bxc3 Nc4 19. a6 b6 20. Bg5 Rde8 21.
Nf4 h6 22. Nxe6 hxg5 23. Nxg5 Bxh2+ 24. Kf1 Rxe1+ 25. Qxe1 Bf4 26. Nh3 Nd2+ 27.
Kg1 Nxf3+ 28. gxf3 Rxh3 29. d5 Qf7 0-1

[Event "Canarias en Red final playoff"]
[Site "Playchess.com INT"]
[Date "2004.05.09"]
[Round "2.2"]
[White "Karjakin, Sergey"]
[Black "Dreev, Alexey"]
[Result "1-0"]
[WhiteElo "2566"]
[BlackElo "2682"]
[PlyCount "79"]
[EventDate "2004.05.09"]
[EventType "k.o. (blitz)"]
[EventRounds "3"]
[EventCountry "GER"]
[SourceTitle "EXT 2005"]
[Source "ChessBase"]
[SourceDate "2004.11.15"]
[SourceVersion "1"]
[SourceVersionDate "2004.11.15"]
[SourceQuality "1"]

1. e4 c6 2. d4 d5 3. Nc3 dxe4 4. Nxe4 Bf5 5. Ng3 Bg6 6. h4 h6 7. Nf3 Nd7 8. h5
Bh7 9. Bd3 Bxd3 10. Qxd3 e6 11. Bf4 Ngf6 12. O-O-O Be7 13. Ne4 O-O 14. Nxf6+
Nxf6 15. g4 Nxg4 16. Rhg1 f5 17. Qe2 Kh7 18. Qxe6 Qd5 19. Qxe7 Qxf3 20. Be5 Rg8
21. Qxb7 Qxf2 22. Qxc6 Rac8 23. Bc7 Rgf8 24. d5 Rf6 25. d6 Ne3 26. Rde1 Rxd6
27. Qc3 Rd7 28. Qxe3 Qxe3+ 29. Rxe3 Rdxc7 30. c3 f4 31. Rf3 Rf8 32. Rg4 Rf5 33.
Rgxf4 Rxh5 34. c4 Rhc5 35. Rc3 g5 36. Rd4 a5 37. b3 h5 38. a3 Rb7 39. Kd2 g4
40. Ke2 1-0